ბათუმის შოთა რუსთაველის სახელმწიფო უნივერსიტეტის ბიბლიოთეკა

ელინისტური ხანის სამარხები კოლხეთის ნაქალაქარებიდან = Hellenistic burials from the Colchian city-sites / (ბიბ.ჩანაწერი № 60094)

000 -ლიდერი
ფიქსირებული სიგრძის საკონტროლო ველი 01418nam a22002417a 4500
003 - საკონტროლო ნომრის იდენტიფიკატორი
საკონტროლო ველი Ge_BSU
005 - ბოლო ოპერაციის თარიღი და დრო
საკონტროლო ველი 20230608101948.0
008 - ფიქსირებული სიგრძის მონაცემთა ელემენტები - ზოგადი ინფორმაცია
ფიქსირებული სიგრძის საკონტროლო ველი 230608s2011 ge ||||| |||| 00| 0 geo d
020 ## - წიგნის საერთაშორისო სტანდარტული ნომერი
International Standard Book Number 9789941424397
041 ## - ენის კოდი
Language code of text/sound track or separate title geo
080 ## - უნივერსალური ათობითი კლასიფიკაციის ინდექსი
Universal Decimal Classification number 903.5(395.3) მ-15
100 ## - მთავარი ჩანაწერი - პიროვნების სახელი
Personal name მათიაშვილი, ნანა
9 (RLIN) 18403
245 ## - ცნობა სათაურის შესახებ
Title ელინისტური ხანის სამარხები კოლხეთის ნაქალაქარებიდან = Hellenistic burials from the Colchian city-sites /
Statement of responsibility, etc ნანა მათიაშვილი; [რედ. მერი ინაძე]; საქ. ეროვნ. მუზეუმი, ოთარ ლორთქიფანიძის არქეოლ. ცენტრი.
264 ## - წარმოების, გამოცემის, დისტრიბუციის და სხვა ცნობები
გამოცემის, წარმოების, დისტრიბუციის... ადგილი თბილისი :
გამოცემის, წარმოების, დისტრიბუციის... სახელწოდება მწიგნობარი,
გამოცემის, წარმოების, დისტრიბუციის... თარიღი 2011.
300 ## - ფიზიკური აღწერა
Extent 76გვ. :
Other physical details ტაბ., რუკა ;
Dimensions 20სმ.
501 ## - შენიშვნა თანმხლებ მასალაზე
With note ტაბულები: გვ. 41-75.
504 ## - BIBLIOGRAPHY, ETC. NOTE
Bibliography, etc ბიბლიოგრ.: გვ. 37-40.
520 ## - SUMMARY, ETC.
Summary, etc რეზ. ინგლ.
653 ## - INDEX TERM--UNCONTROLLED
Uncontrolled term სამარხები საქართველოში
700 ## - ADDED ENTRY--PERSONAL NAME
Personal name ინაძე, მერი
Relator term რედაქტორი
9 (RLIN) 17458
710 ## - ADDED ENTRY--CORPORATE NAME
Corporate name or jurisdiction name as entry element საქ. ეროვნ. მუზეუმი
Subordinate unit ოთარ ლორთქიფანიძის არქეოლ. ცენტრი.
9 (RLIN) 18556
942 ## - ADDED ENTRY ELEMENTS (KOHA)
Source of classification or shelving scheme
Koha item type წიგნი
ეგზემპლარები
ჩამოწერის სტატუსი დაკარგული ეგზემპლარის სტატუსი კლასიფიკაციის წყარო ან თაროზე გაწყობის სქემა დაზიანების სტატუსი არ გაიცემა მუდმივი მდებარეობა (დაცვის ადგილი) ამჟამინდელი ადგილსამყოფელი თაროზე განთავსების ადგილი შეძენის თარიღი ღირებულება, შესყიდვის ნორმალური ფასი სრული შენახვის შიფრი შტრიხკოდი ბოლო ოპერაციის თარიღი ეგზემპლარის მიმდევრობითი ნომერი (კეტერი?) Uniform Resource Identifier ფასის ძალაში შესვლის თარიღი ეგზემპლარის სახეობა საჯარო შენიშვნა
          ბათუმის შოთა რუსთაველის სახელმწიფო უნივერსიტეტის მთავარი ბიბლიოთეკა ბათუმის შოთა რუსთაველის სახელმწიფო უნივერსიტეტის მთავარი ბიბლიოთეკა წიგნსაცავი 2023-06-08 4.00 903.5(395.3) მ-15 64565 2023-06-08 64565 ბსუ-ს საპატიო დოქტორის გურამ ლორთქიფანიძის საჩუქარი 2023-06-08 წიგნი 4 ლ.